Noms des figures dans les jeux de cartes - Statistiques

Statistiques générales
  • Ce quiz a été pris 167 fois
  • Le résultat moyen est 7 sur 12
Statistiques - réponses
Hint Réponse % Correct
Roi de trèfle Alexandre
77%
Roi de carreau César
70%
Roi de coeur Charles
70%
Valet de trèfle Lancelot
69%
Dame de coeur Judith
65%
Valet de carreau Hector
64%
Roi de pique David
63%
Dame de carreau Rachel
51%
Valet de coeur Lahire
49%
Dame de pique Pallas
49%
Dame de trèfle Argine
39%
Valet de pique Hogier
32%
Aucun quiz correspondant
Distribution des résultats
% des personnes avec chaque résultat
Percentile par nombre de réponses
Votre historique - résultats
Vous n’avez pas pris ce quiz